[Event "Olympiad Women-43"]
[Site "Batumi"]
[Date "2018.10.04"]
[Round "10.2"]
[White "Aghabekian, Liana"]
[Black "Shabanaj, Alda"]
[Result "1-0"]
[WhiteElo "2188"]
[BlackElo "1853"]
[PlyCount "81"]
[EventDate "2018.09.24"]
[EventType "team-swiss"]
[EventRounds "11"]
[EventCountry "GEO"]
[SourceTitle "EXT 2020"]
[Source "ChessBase"]
[SourceDate "2019.10.17"]
[SourceVersion "1"]
[SourceVersionDate "2019.10.17"]
[SourceQuality "1"]
[WhiteTeam "Luxembourg (W)"]
[BlackTeam "Albania (W)"]
[WhiteTeamCountry "LUX"]
[BlackTeamCountry "ALB"]

1. e4 d6 2. d4 g6 3. Nc3 Bg7 4. f4 Nf6 5. Nf3 0-0 6. Bd3 c6 7. 0-0 Qc7 8. h3 Nbd7 9. e5 Ne8 10. Qe1 e6 11. Qh4 c5 12. d5 dxe5 13. dxe6 fxe6 14. Ng5 Ndf6 15. Bc4 exf4 16. Bxe6+ Bxe6 17. Nxe6 Qe5 18. Nxf8 g5 19. Qe1 Qxe1 20. Rxe1 Kxf8 21. Re5 h6 22. Rxc5 Nd6 23. Bd2 Rd8 24. Be1 Nfe4 25. Rd5 Rc8 26. Nxe4 Nxe4 27. Bb4+ Kg8 28. Re1 Ng3 29. c3 b6 30. Kf2 Kh7 31. Re7 a5 32. Ba3 Rc6 33. Rd6 Rc4 34. Rxb6 Rc8 35. Rbb7 Nf5 36. Rf7 Kg6 37. Rxf5 Bd4+ 38. cxd4 Kxf5 39. Kf3 h5 40. Rb5+ Kf6 41. Rxa5 1-0

[Event "Olympiad Women-43"]
[Site "Batumi"]
[Date "2018.10.03"]
[Round "9.2"]
[White "Aghabekian, Liana"]
[Black "Hng, Mei En Emmanuelle"]
[Result "1/2-1/2"]
[WhiteElo "2188"]
[BlackElo "2020"]
[PlyCount "166"]
[EventDate "2018.09.24"]
[EventType "team-swiss"]
[EventRounds "11"]
[EventCountry "GEO"]
[SourceTitle "EXT 2020"]
[Source "ChessBase"]
[SourceDate "2019.10.17"]
[SourceVersion "1"]
[SourceVersionDate "2019.10.17"]
[SourceQuality "1"]
[WhiteTeam "Luxembourg (W)"]
[BlackTeam "Singapore (W)"]
[WhiteTeamCountry "LUX"]
[BlackTeamCountry "SIN"]

1. e4 c5 2. Nf3 e6 3. d4 cxd4 4. Nxd4 a6 5. Nc3 Qc7 6. Bd3 b5 7. 0-0 Bb7 8. Re1 d6 9. Bg5 Nf6 10. Bxf6 gxf6 11. a4 b4 12. Na2 Nc6 13. Nxc6 Qxc6 14. Nxb4 Qc5 15. c3 Rg8 16. Qe2 a5 17. Bb5+ Ke7 18. Nc2 f5 19. Bd3 Bg7 20. Qe3 Qxe3 21. Rxe3 Be5 22. g3 f4 23. Ree1 fxg3 24. hxg3 Bxg3 25. Kf1 Be5 26. Ne3 Bc6 27. Bc2 Bb7 28. Ke2 Rab8 29. Rab1 h5 30. Rh1 Rh8 31. Rh3 Bf6 32. Kd2 Rbc8 33. Rbh1 Rc5 34. f4 h4 35. Ng4 Rch5 36. Nxf6 Kxf6 37. b4 Ke7 38. bxa5 Rxa5 39. Rxh4 Rha8 40. Rh8 Rxh8 41. Rxh8 Bc6 42. Rh1 d5 43. e5 d4 44. Rc1 Bxa4 45. cxd4 Bxc2 46. Rxc2 Ra3 47. Rc3 Ra7 48. Ke3 f6 49. Kf3 fxe5 50. dxe5 Ra1 51. Rc7+ Kd8 52. Rb7 Re1 53. Kg4 Rg1+ 54. Kh5 Ke8 55. Kh6 Rg4 56. Rb4 Ke7 57. Kh5 Rg1 58. Rb7+ Ke8 59. Ra7 Kd8 60. Rf7 Ke8 61. Rf6 Ke7 62. Rg6 Rh1+ 63. Kg5 Rg1+ 64. Kh6 Rh1+ 65. Kg7 Rh4 66. Rf6 Rg4+ 67. Kh6 Rg1 68. Kh7 Rg4 69. Kh6 Rg1 70. Kh5 Rg2 71. Rh6 Rh2+ 72. Kg6 Rg2+ 73. Kh7 Rg4 74. Rf6 Rg1 75. Rg6 Rh1+ 76. Kg8 Rh4 77. Rg7+ Ke8 78. f5 exf5 79. Ra7 Rg4+ 80. Kh7 Re4 81. Kg6 Rxe5 82. Kf6 Rb5 83. Ke6 Rb6+ 1/2-1/2

[Event "Luxembourg-chT 1314"]
[Site "Luxembourg"]
[Date "2014.03.30"]
[Round "9"]
[White "Goerens, Jean Paul"]
[Black "Aghabekian, Liana"]
[Result "0-1"]
[WhiteElo "1986"]
[BlackElo "2174"]
[PlyCount "104"]
[EventDate "2013.10.05"]
[EventType "team-tourn"]
[EventRounds "10"]
[EventCountry "LUX"]
[SourceTitle "EXT 2017"]
[Source "ChessBase"]
[SourceDate "2016.10.25"]
[SourceVersion "1"]
[SourceVersionDate "2016.10.25"]
[SourceQuality "1"]

1. e4 e5 2. Nf3 Nc6 3. Bc4 Be7 4. d4 d6 5. dxe5 dxe5 6. Qxd8+ Bxd8 7. 0-0 Nf6 8. Nc3 0-0 9. Be3 h6 10. h3 a6 11. a3 Re8 12. Rad1 b5 13. Bb3 Bb7 14. Nd2 Nd4 15. f3 c5 16. Nd5 c4 17. Nxf6+ Bxf6 18. Bxd4 exd4 19. Ba2 Rad8 20. Rfe1 Bg5 21. Nf1 Re7 22. g3 h5 23. Kf2 Bf6 24. b3 c3 25. b4 Bc6 26. Bb3 g6 27. Rd3 Kg7 28. Kg2 Ra7 29. e5 Be7 30. Red1 Rad7 31. Re1 Ra7 32. Red1 Rad7 33. Re1 Bf8 34. Kf2 Bb7 35. Re2 Bc6 36. e6 fxe6 37. Rxe6 Rd6 38. Re1 Kf6 39. Nh2 Bh6 40. Nf1 Bg7 41. Nh2 Bd7 42. g4 Bh6 43. Nf1 h4 44. Rdd1 Re8 45. Rxe8 Bxe8 46. Ke2 Bc6 47. Kf2 Bf4 48. Re1 Bd7 49. Rd1 Be8 50. Re1 Bf7 51. Bxf7 Kxf7 52. Rd1 d3 0-1

[Event "Luxembourg-chT 1213"]
[Site "Luxembourg"]
[Date "2013.04.10"]
[Round "7"]
[White "Linster, Philippe"]
[Black "Aghabekian, Liana"]
[Result "1-0"]
[WhiteElo "2125"]
[BlackElo "2174"]
[PlyCount "69"]
[EventDate "2012.10.??"]
[EventType "team-tourn"]
[EventRounds "10"]
[EventCountry "LUX"]
[SourceTitle "EXT 2017"]
[Source "ChessBase"]
[SourceDate "2016.10.25"]
[SourceVersion "1"]
[SourceVersionDate "2016.10.25"]
[SourceQuality "1"]

1. e4 e5 2. Nf3 Nc6 3. Bb5 Nf6 4. d3 Bd6 5. c3 a6 6. Ba4 0-0 7. 0-0 Re8 8. Re1 b5 9. Bb3 Na5 10. Bc2 Bb7 11. Nbd2 Bf8 12. d4 d6 13. a4 b4 14. h3 h6 15. Bd3 bxc3 16. bxc3 d5 17. exd5 exd4 18. c4 c6 19. Rxe8 Nxe8 20. Ne5 Nf6 21. Ne4 cxd5 22. Nxf6+ Qxf6 23. Ng4 Qe6 24. c5 Bxc5 25. Qf3 Nc4 26. Bxc4 dxc4 27. Qxb7 Re8 28. Bf4 d3 29. Bd2 Qf5 30. Ne3 Qf4 31. Qc6 Re5 32. Qf3 Qd4 33. Rc1 Rxe3 34. Qxe3 Qb2 35. Qxc5 1-0

[Event "Luxembourg-chT 1112"]
[Site "Luxembourg"]
[Date "2012.01.10"]
[Round "4"]
[White "Aghabekian, Liana"]
[Black "Marechal, Andy"]
[Result "0-1"]
[WhiteElo "2174"]
[BlackElo "2300"]
[PlyCount "156"]
[EventDate "2011.10.??"]
[EventType "team-tourn"]
[EventRounds "10"]
[EventCountry "LUX"]
[SourceTitle "EXT 2017"]
[Source "ChessBase"]
[SourceDate "2016.10.25"]
[SourceVersion "1"]
[SourceVersionDate "2016.10.25"]
[SourceQuality "1"]

1. e4 e6 2. d4 d5 3. Nc3 Nc6 4. Nf3 Nf6 5. Bg5 Be7 6. e5 Ne4 7. Bxe7 Qxe7 8. Bd3 Nxc3 9. bxc3 Na5 10. Qb1 Bd7 11. Qb4 b6 12. 0-0 h6 13. Nd2 Rc8 14. Qb2 0-0 15. c4 dxc4 16. Bxc4 c5 17. Ba6 Rc7 18. Ne4 cxd4 19. Qxd4 Bc6 20. Bd3 Rd8 21. Qe3 Bxe4 22. Qxe4 g6 23. Rfe1 Rcd7 24. Qe3 Kg7 25. g3 Nb7 26. Red1 Nc5 27. Rab1 Nxd3 28. Rxd3 Rxd3 29. cxd3 Qa3 30. Rd1 Qxa2 31. Rc1 Qd5 32. Rc7 Rd7 33. Rxd7 Qxd7 34. Qf3 Qd8 35. Qb7 a5 36. Qa6 Qd4 37. Qb5 Qc5 38. Qa6 Qc1+ 39. Kg2 Qc6+ 40. Kh3 Qc5 41. f4 Qc7 42. Qb5 Qb7 43. d4 Qa7 44. d5 exd5 45. Qxd5 Qe7 46. Qb5 Qc5 47. Qa4 Qd5 48. Qa1 Kf8 49. Qa4 Ke7 50. Qa3+ Kd7 51. Qa4+ Kc7 52. Qa3 h5 53. Qf8 Kb7 54. Kh4 Kc7 55. Qa3 Qc5 56. Qa1 Qe7+ 57. Kh3 Qe6+ 58. Kg2 Qd5+ 59. Kh3 Kb7 60. Kh4 Qd8+ 61. Kh3 Qc8+ 62. Kg2 Qd7 63. Qa3 Ka6 64. Qf8 b5 65. Kf2 b4 66. Ke2 Kb5 67. Qb8+ Kc5 68. Qf8+ Kb6 69. Qb8+ Ka6 70. Qa8+ Kb5 71. Qb8+ Ka4 72. Qd6 Qb5+ 73. Ke3 Qc4 74. Qd7+ Ka3 75. f5 Qc3+ 76. Kf2 Qc2+ 77. Ke3 Qxf5 78. Qd4 Qf1 0-1

[Event "Benidorm (Women)"]
[Site "Benidorm"]
[Date "2011.12.10"]
[Round "8"]
[White "Aghabekian, Liana"]
[Black "Aranaz Murillo, Amalia"]
[Result "0-1"]
[WhiteElo "2115"]
[BlackElo "2211"]
[PlyCount "53"]
[EventDate "2011.12.05"]
[EventType "tourn"]
[EventRounds "9"]
[EventCountry "ESP"]
[SourceTitle "CBM 145 Extra"]
[Source "ChessBase"]
[SourceDate "2012.01.03"]
[SourceVersion "1"]
[SourceVersionDate "2012.01.03"]
[SourceQuality "1"]

1. e4 c6 2. Nc3 d5 3. Nf3 Bg4 4. h3 Bh5 5. Be2 e6 6. 0-0 Nf6 7. e5 Nfd7 8. d4 c5 9. Re1 Be7 10. Bf4 Qb6 11. Na4 Qa5 12. c3 c4 13. b4 Qa6 14. Bg5 Bxf3 15. Bxf3 Bxg5 16. Bxd5 exd5 17. e6 0-0 18. exf7+ Rxf7 19. Re8+ Rf8 20. Rxf8+ Nxf8 21. Qf3 Qd6 22. Re1 Nbd7 23. Nc5 b6 24. Nxd7 Qxd7 25. Re5 Bf6 26. Rxd5 Qb7 27. Qd1 0-1

[Event "Benidorm (Women)"]
[Site "Benidorm"]
[Date "2011.12.09"]
[Round "6"]
[White "Aghabekian, Liana"]
[Black "Matnadze, Ana"]
[Result "0-1"]
[WhiteElo "2115"]
[BlackElo "2438"]
[PlyCount "72"]
[EventDate "2011.12.05"]
[EventType "tourn"]
[EventRounds "9"]
[EventCountry "ESP"]
[SourceTitle "CBM 145 Extra"]
[Source "ChessBase"]
[SourceDate "2012.01.03"]
[SourceVersion "1"]
[SourceVersionDate "2012.01.03"]
[SourceQuality "1"]

1. e4 e5 2. Nf3 Nc6 3. Bc4 g6 4. d3 Bg7 5. Ng5 Nh6 6. Nc3 Na5 7. h3 Nxc4 8. dxc4 f6 9. Nf3 Nf7 10. Qd3 d6 11. Be3 Be6 12. 0-0-0 f5 13. Kb1 0-0 14. Bc1 a6 15. Rhe1 c6 16. h4 b5 17. Ng5 Bxc4 18. Nxf7 Bxf7 19. Qxd6 Qa5 20. a3 Rfd8 21. Qc5 Bf8 22. Qxe5 Re8 23. Qf6 Be7 24. Qd4 Rad8 25. Qe3 b4 26. e5 Be6 27. Na2 bxa3 28. b3 c5 29. Bd2 Qb5 30. h5 c4 31. b4 c3 32. Bxc3 Qc4 33. Nc1 Rc8 34. Rd3 Bxb4 35. Nb3 Bxc3 36. hxg6 Bxe1 0-1

[Event "Benidorm (Women)"]
[Site "Benidorm"]
[Date "2011.12.05"]
[Round "1"]
[White "Aghabekian, Liana"]
[Black "Guadamuro Torrente, Anabel"]
[Result "0-1"]
[WhiteElo "2115"]
[BlackElo "2188"]
[PlyCount "76"]
[EventDate "2011.12.05"]
[EventType "tourn"]
[EventRounds "9"]
[EventCountry "ESP"]
[SourceTitle "CBM 145 Extra"]
[Source "ChessBase"]
[SourceDate "2012.01.03"]
[SourceVersion "1"]
[SourceVersionDate "2012.01.03"]
[SourceQuality "1"]

1. e4 e5 2. Nf3 Nc6 3. Bc4 Bc5 4. c3 Nf6 5. d3 0-0 6. Nbd2 d6 7. Bb3 Kh8 8. 0-0 Ng8 9. h3 f5 10. exf5 Bxf5 11. Ne4 Bb6 12. Ng3 Bg6 13. Bg5 Qd7 14. Be3 Nge7 15. Bxb6 axb6 16. d4 e4 17. Nh4 d5 18. Nxg6+ Nxg6 19. f3 Qd6 20. Nh5 Na5 21. fxe4 dxe4 22. Bf7 c5 23. Bxg6 hxg6 24. Qg4 gxh5 25. Qxe4 cxd4 26. cxd4 Rad8 27. Rad1 Rxf1+ 28. Kxf1 Qd5 29. Qh4 Nc4 30. Kg1 Nxb2 31. Rd2 Nc4 32. Rd3 Re8 33. Qf2 Nd6 34. Qh4 Re4 35. Qd8+ Kh7 36. Qxb6 Qb5 37. Qxb5 Nxb5 38. Rb3 Nd6 0-1

[Event "Jermuk Asrian Memorial 3rd"]
[Site "Jermuk"]
[Date "2010.10.05"]
[Round "1"]
[White "Aghabekian, Liana"]
[Black "Simonian, Hrair"]
[Result "1/2-1/2"]
[WhiteElo "2146"]
[BlackElo "2473"]
[PlyCount "147"]
[EventDate "2010.10.05"]
[EventType "swiss"]
[EventRounds "9"]
[EventCountry "ARM"]
[SourceTitle "CBM 138 Extra"]
[Source "ChessBase"]
[SourceDate "2010.10.29"]
[SourceVersion "1"]
[SourceVersionDate "2010.10.29"]
[SourceQuality "1"]

1. e4 c5 2. Nf3 e6 3. d4 cxd4 4. Nxd4 a6 5. Nc3 b5 6. Bd3 Bc5 7. Nb3 Be7 8. 0-0 Bb7 9. Re1 d6 10. a4 b4 11. Na2 Nc6 12. Bd2 a5 13. c3 bxc3 14. Nxc3 Nf6 15. Rc1 0-0 16. Nb5 Nd7 17. Bb1 Nb6 18. N3d4 Nxd4 19. Nxd4 Qd7 20. b3 Rfc8 21. Rxc8+ Qxc8 22. Qh5 Qc5 23. Qxc5 dxc5 24. Nb5 Bc6 25. Rc1 Bxb5 26. axb5 a4 27. bxa4 Rxa4 28. Be3 Nc4 29. Bd3 Nxe3 30. fxe3 Ra3 31. Bc4 Bg5 32. Rb1 Bxe3+ 33. Kf1 Bd4 34. b6 Ra1 35. Rxa1 Bxa1 36. Ke2 Be5 37. h3 Kf8 38. Kf3 Ke7 39. Bb3 Bb8 40. Ba4 Kd6 41. Be8 f6 42. Bb5 h5 43. Be8 h4 44. Bb5 Ke5 45. Ke3 Bd6 46. Bc4 g6 47. Bb5 f5 48. exf5 gxf5 49. Bd7 c4 50. b7 Bb8 51. Kd2 Kd6 52. Bc8 Kd5 53. Kc3 e5 54. Bxf5 e4 55. Bg6 Be5+ 56. Kc2 Kd4 57. Bf5 Bg3 58. Be6 Bf4 59. Bf5 Bd6 60. Be6 Bb8 61. Bf5 Bc7 62. Be6 Bg3 63. Bf7 Be5 64. Be6 c3 65. Bf5 Bb8 66. Bg6 Bf4 67. Bf5 Be5 68. Bg6 Bb8 69. Bh5 Bc7 70. Bg6 Be5 71. Bf5 e3 72. Bg4 Kc4 73. Be2+ Kb4 74. Bf3 1/2-1/2

[Event "WchT (Women) 1st"]
[Site "Ekaterinburg"]
[Date "2007.05.27"]
[Round "7"]
[White "Tairova, Elena"]
[Black "Aghabekian, Liana"]
[Result "1/2-1/2"]
[WhiteElo "2414"]
[BlackElo "2213"]
[PlyCount "138"]
[EventDate "2007.05.20"]
[EventType "team-tourn"]
[EventRounds "9"]
[EventCountry "RUS"]
[SourceTitle "CBM 118 Extra"]
[Source "ChessBase"]
[SourceDate "2007.07.04"]
[SourceVersion "1"]
[SourceVersionDate "2007.07.04"]
[SourceQuality "1"]
[WhiteTeam "Russia"]
[BlackTeam "Armenia"]
[WhiteTeamCountry "RUS"]
[BlackTeamCountry "ARM"]

1. e4 e5 2. Nf3 Nc6 3. Bb5 Nf6 4. 0-0 Nxe4 5. d4 a6 6. Ba4 b5 7. Bb3 d5 8. dxe5 Be6 9. Nbd2 Nc5 10. c3 Be7 11. Bc2 d4 12. Nb3 d3 13. Nxc5 dxc2 14. Qxd8+ Rxd8 15. Nxe6 fxe6 16. Be3 Rd5 17. c4 bxc4 18. Rac1 Nxe5 19. Nxe5 Rxe5 20. Rxc2 Re4 21. Rfc1 Kd7 22. Rxc4 Rxc4 23. Rxc4 Rb8 24. b3 Rb4 25. Rc1 Bf6 26. Kf1 Bd4 27. Rd1 e5 28. Ke2 Kd6 29. Bxd4 exd4 30. Kd3 c5 31. Re1 a5 32. Re8 a4 33. Kc2 axb3+ 34. axb3 Rb7 35. Rh8 Rf7 36. f3 h6 37. Rd8+ Rd7 38. Rb8 Ra7 39. Rb6+ Kd5 40. Rg6 Ra2+ 41. Kb1 Ra7 42. Kc2 Rb7 43. h4 Ra7 44. Kd3 Ra3 45. Kc2 Ra7 46. h5 Rb7 47. Ra6 Re7 48. Kd2 Re3 49. Rb6 Re5 50. Rb7 Rg5 51. g4 g6 52. Rd7+ Ke5 53. Re7+ Kd5 54. hxg6 Rxg6 55. Rf7 Rg5 56. Rh7 Rg6 57. Rf7 Rg5 58. Rd7+ Kc6 59. Rh7 Rg6 60. Kd3 Kd5 61. Rf7 Rg5 62. Rd7+ Kc6 63. Rh7 Rg6 64. Kc4 Rd6 65. Kd3 Rf6 66. Kc4 Rd6 67. Kd3 Rf6 68. Kc4 Rd6 69. Kd3 Rf6 1/2-1/2

[Event "WchT (Women) 1st"]
[Site "Ekaterinburg"]
[Date "2007.05.21"]
[Round "2"]
[White "Aghabekian, Liana"]
[Black "Pham, Le Thao Nguyen"]
[Result "0-1"]
[WhiteElo "2213"]
[BlackElo "2263"]
[PlyCount "90"]
[EventDate "2007.05.20"]
[EventType "team-tourn"]
[EventRounds "9"]
[EventCountry "RUS"]
[SourceTitle "CBM 118 Extra"]
[Source "ChessBase"]
[SourceDate "2007.07.04"]
[SourceVersion "1"]
[SourceVersionDate "2007.07.04"]
[SourceQuality "1"]
[WhiteTeam "Armenia"]
[BlackTeam "Vietnam"]
[WhiteTeamCountry "ARM"]
[BlackTeamCountry "VIE"]

1. e4 Nf6 2. Nc3 e5 3. Nf3 Nc6 4. Bb5 Nd4 5. Ba4 Bc5 6. d3 Qe7 7. Bg5 c6 8. 0-0 h6 9. Bh4 0-0 10. Nxd4 Bxd4 11. Qd2 d6 12. Rad1 a5 13. Ne2 Ba7 14. c3 Re8 15. Kh1 Nxe4 16. dxe4 Qxh4 17. f4 Bg4 18. fxe5 dxe5 19. Bb3 Re7 20. Ng3 g6 21. Rc1 Rf8 22. Rc2 Kg7 23. Qe1 Qg5 24. c4 Bb6 25. c5 Bc7 26. Rcf2 h5 27. Ne2 Qe3 28. h3 Be6 29. Bxe6 Rxe6 30. Qd1 Qxc5 31. Ng3 Qe7 32. Nf5+ gxf5 33. exf5 Rf6 34. Qxh5 Rh8 35. Qg5+ Kf8 36. Rd2 Rg8 37. Qh4 e4 38. Rfd1 Bd6 39. Qh5 Qe5 40. g4 Qf4 41. Qh4 Rh6 42. Qd8+ Kg7 43. f6+ Kh7 44. Qxd6 Rxh3+ 45. Kg2 Qf3+ 0-1

[Event "Wch U20 Girls 24th"]
[Site "Yerevan"]
[Date "2006.10.14"]
[Round "11"]
[White "Aghabekian, Liana"]
[Black "Arutyunova, Diana"]
[Result "1/2-1/2"]
[WhiteElo "2179"]
[BlackElo "2362"]
[PlyCount "72"]
[EventDate "2006.10.03"]
[EventType "swiss"]
[EventRounds "13"]
[EventCountry "ARM"]
[SourceTitle "CBM 114 Extra"]
[Source "ChessBase"]
[SourceDate "2006.11.03"]
[SourceVersion "1"]
[SourceVersionDate "2006.11.03"]
[SourceQuality "1"]

1. e4 d6 2. d4 Nf6 3. Nc3 c6 4. f4 Qa5 5. Bd3 e5 6. Nf3 Bg4 7. Be3 Nbd7 8. 0-0 Be7 9. h3 Bxf3 10. Qxf3 h5 11. a3 Qc7 12. Bc4 Nf8 13. fxe5 dxe5 14. d5 Ng6 15. dxc6 bxc6 16. Rad1 Rd8 17. Rxd8+ Bxd8 18. Ne2 0-0 19. Ng3 Nf4 20. Nf5 g6 21. Ng3 Qe7 22. Ne2 Bb6 23. Nxf4 exf4 24. Bxb6 axb6 25. Bd3 g5 26. Kh1 h4 27. e5 Qxe5 28. Qxc6 Qxb2 29. c3 Kg7 30. Rb1 Qd2 31. Rxb6 Qe1+ 32. Kh2 Qg3+ 33. Kg1 Qe3+ 34. Kh1 Qe1+ 35. Kh2 Qg3+ 36. Kh1 Qe1+ 1/2-1/2

[Event "Wch U20 Girls 24th"]
[Site "Yerevan"]
[Date "2006.10.09"]
[Round "7"]
[White "Aghabekian, Liana"]
[Black "Andriasian, Siranush"]
[Result "0-1"]
[WhiteElo "2179"]
[BlackElo "2264"]
[PlyCount "80"]
[EventDate "2006.10.03"]
[EventType "swiss"]
[EventRounds "13"]
[EventCountry "ARM"]
[SourceTitle "CBM 114 Extra"]
[Source "ChessBase"]
[SourceDate "2006.11.03"]
[SourceVersion "1"]
[SourceVersionDate "2006.11.03"]
[SourceQuality "1"]

1. e4 c5 2. Nf3 e6 3. b3 d6 4. Bb2 Nc6 5. Bb5 Bd7 6. 0-0 Nf6 7. Re1 Be7 8. d4 cxd4 9. Nxd4 0-0 10. Bf1 a6 11. c4 Qb6 12. Nc2 Ne5 13. Nc3 Bc6 14. Qd2 Rad8 15. Rad1 Rde8 16. h3 Ng6 17. Qe3 Qc7 18. b4 b6 19. Nd4 Bb7 20. Rc1 Qb8 21. Nb3 Nd7 22. Na4 d5 23. exd5 exd5 24. Nxb6 Bxb4 25. Qd4 Nde5 26. Nxd5 Bxe1 27. Rxe1 f6 28. Rd1 Bxd5 29. cxd5 Qd6 30. Nc5 Qb6 31. Nxa6 Qxd4 32. Rxd4 Nf7 33. f3 Re1 34. Kf2 Rb1 35. Rd2 Nge5 36. g4 Nd6 37. Bxe5 fxe5 38. Nc5 Rc8 39. Ne4 Nxe4+ 40. fxe4 Rf8+ 0-1

[Event "Wch U20 Girls 24th"]
[Site "Yerevan"]
[Date "2006.10.07"]
[Round "5"]
[White "Aghabekian, Liana"]
[Black "Gomes, Mary Ann"]
[Result "1/2-1/2"]
[WhiteElo "2179"]
[BlackElo "2264"]
[PlyCount "116"]
[EventDate "2006.10.03"]
[EventType "swiss"]
[EventRounds "13"]
[EventCountry "ARM"]
[SourceTitle "CBM 114 Extra"]
[Source "ChessBase"]
[SourceDate "2006.11.03"]
[SourceVersion "1"]
[SourceVersionDate "2006.11.03"]
[SourceQuality "1"]

1. e4 c5 2. Nf3 d6 3. d4 cxd4 4. Nxd4 Nf6 5. Nc3 a6 6. Bg5 e6 7. f4 Nc6 8. Nxc6 bxc6 9. e5 h6 10. Bh4 g5 11. fxg5 Nd5 12. Ne4 Qb6 13. Bd3 hxg5 14. Bxg5 dxe5 15. Nf6+ Nxf6 16. Bxf6 Rg8 17. Qf3 Bb7 18. 0-0-0 Bh6+ 19. Kb1 Qe3 20. Be4 Qxf3 21. Bxf3 Bg7 22. Bxg7 Rxg7 23. Rhe1 f6 24. c4 c5 25. Bxb7 Rxb7 26. Kc2 Rh7 27. h3 Ke7 28. Re3 Rh4 29. g4 Rah8 30. Rdd3 e4 31. Rxe4 Rxh3 32. a3 a5 33. Rb3 Rh2+ 34. Kd1 Rh1+ 35. Kd2 R8h2+ 36. Re2 Rxe2+ 37. Kxe2 Rg1 38. Kf3 Rc1 39. Rb5 Kd6 40. Rxa5 Rxc4 41. Rb5 Ra4 42. Rb8 Ke5 43. Rc8 Ra5 44. a4 Kd5 45. Rd8+ Ke5 46. Rc8 Kd5 47. Rd8+ Kc4 48. Rd6 Rxa4 49. Rxe6 Kb3 50. Rxf6 Kxb2 51. g5 c4 52. g6 Ra7 53. Rf7 Ra6 54. Rb7+ Kc2 55. g7 Rg6 56. Ke4 c3 57. Kf5 Rg2 58. Kf6 Kc1 1/2-1/2

[Event "Wch U20 Girls 24th"]
[Site "Yerevan"]
[Date "2006.10.06"]
[Round "4"]
[White "Zawadzka, Beata"]
[Black "Aghabekian, Liana"]
[Result "1/2-1/2"]
[WhiteElo "2346"]
[BlackElo "2179"]
[PlyCount "59"]
[EventDate "2006.10.03"]
[EventType "swiss"]
[EventRounds "13"]
[EventCountry "ARM"]
[SourceTitle "CBM 114 Extra"]
[Source "ChessBase"]
[SourceDate "2006.11.03"]
[SourceVersion "1"]
[SourceVersionDate "2006.11.03"]
[SourceQuality "1"]

1. d4 Nf6 2. c4 g6 3. Nc3 Bg7 4. e4 d6 5. Nf3 0-0 6. h3 e5 7. d5 Nh5 8. Nh2 Qe8 9. Be2 Nf4 10. Bf3 f5 11. g3 Nxh3 12. Bg2 f4 13. Nf3 g5 14. Bxh3 g4 15. Bg2 gxf3 16. Qxf3 Na6 17. Bh3 Nb4 18. Kd1 fxg3 19. Qxg3 Qh5+ 20. Ne2 Qg6 21. Qxg6 hxg6 22. Bxc8 Raxc8 23. Rf1 Rf7 24. Be3 Nd3 25. Kc2 Nf4 26. Kd2 Rff8 27. Nc1 Ng2 28. Ke2 Nf4+ 29. Kd2 Ng2 30. Ke2 1/2-1/2

[Event "Yerevan Petrosian Memorial op"]
[Site "Yerevan"]
[Date "2004.11.20"]
[Round "2"]
[White "Petrosian, Davit Gevorgi"]
[Black "Aghabekian, Liana"]
[Result "1-0"]
[WhiteElo "2395"]
[BlackElo "2156"]
[PlyCount "65"]
[EventDate "2004.11.18"]
[EventType "swiss"]
[EventRounds "9"]
[EventCountry "ARM"]
[SourceTitle "CBM 103 Extra"]
[Source "ChessBase"]
[SourceDate "2005.01.01"]
[SourceVersion "1"]
[SourceVersionDate "2005.01.01"]
[SourceQuality "1"]

1. e4 e6 2. d4 d5 3. Nd2 Be7 4. Bd3 c5 5. dxc5 Nf6 6. Qe2 Nc6 7. Ngf3 Nb4 8. 0-0 Nxd3 9. cxd3 Bxc5 10. Nb3 Be7 11. Bg5 0-0 12. Rac1 Bd7 13. e5 Ne8 14. Bxe7 Qxe7 15. Nbd4 f6 16. Rfe1 Rc8 17. Rxc8 Bxc8 18. exf6 Rxf6 19. Ne5 Nd6 20. Rc1 Rf8 21. Qe3 a6 22. f4 Nf7 23. a3 Qd6 24. Nxf7 Kxf7 25. Qe5 Qxe5 26. fxe5 Kg6 27. Rc7 Rf4 28. Nf3 Rf8 29. Kf2 Rd8 30. Ke3 b6 31. Nd4 Bd7 32. Rb7 Be8 33. Nxe6 1-0

[Event "EU-ch U18 Girls"]
[Site "Urgup"]
[Date "2004.07.??"]
[Round "9"]
[White "Aghabekian, Liana"]
[Black "Ismailova, Aytaj"]
[Result "1-0"]
[WhiteElo "2179"]
[BlackElo "2084"]
[PlyCount "91"]
[EventDate "2004.08.??"]
[EventType "swiss"]
[EventRounds "9"]
[EventCountry "TUR"]
[SourceTitle "EXT 2005"]
[Source "ChessBase"]
[SourceDate "2004.11.15"]
[SourceVersion "1"]
[SourceVersionDate "2004.11.15"]
[SourceQuality "1"]

1. e4 c5 2. Nf3 d6 3. d4 cxd4 4. Nxd4 Nf6 5. Nc3 a6 6. Bg5 e6 7. f4 Be7 8. Qf3 Qc7 9. 0-0-0 Nbd7 10. g4 b5 11. Bxf6 Nxf6 12. g5 Nd7 13. f5 Bxg5+ 14. Kb1 Ne5 15. Qh5 Qd8 16. Rg1 Bf6 17. fxe6 0-0 18. Bh3 fxe6 19. Nxe6 Bxe6 20. Bxe6+ Kh8 21. Bf5 g6 22. Bxg6 Nxg6 23. Rxg6 Qe8 24. Rh6 Qxh5 25. Rxh5 Be5 26. h3 Rf3 27. Nd5 Raf8 28. c3 a5 29. Ne7 Rf1 30. Rxf1 Rxf1+ 31. Kc2 Rf2+ 32. Kb3 a4+ 33. Ka3 Kg7 34. Nf5+ Kg8 35. Nh6+ Kg7 36. Ng4 b4+ 37. Kxa4 Rxb2 38. Nxe5 dxe5 39. cxb4 Rxa2+ 40. Kb5 Ra3 41. Kc6 Kg6 42. Rxe5 Rxh3 43. b5 h5 44. b6 Rf3 45. b7 Rf8 46. Ra5 1-0

[Event "EU-ch U18 Girls"]
[Site "Urgup"]
[Date "2004.07.??"]
[Round "5"]
[White "Batsiashvili, Nino"]
[Black "Aghabekian, Liana"]
[Result "1/2-1/2"]
[WhiteElo "2262"]
[BlackElo "2179"]
[PlyCount "62"]
[EventDate "2004.08.??"]
[EventType "swiss"]
[EventRounds "9"]
[EventCountry "TUR"]
[SourceTitle "EXT 2005"]
[Source "ChessBase"]
[SourceDate "2004.11.15"]
[SourceVersion "1"]
[SourceVersionDate "2004.11.15"]
[SourceQuality "1"]

1. d4 Nf6 2. c4 g6 3. Nc3 Bg7 4. e4 d6 5. Nf3 0-0 6. Be2 Na6 7. 0-0 e5 8. Bg5 c6 9. d5 h6 10. Bxf6 Bxf6 11. a3 c5 12. Rb1 Be7 13. b4 f5 14. Ne1 Qb6 15. Nc2 Rf7 16. Na4 Qc7 17. b5 Nb8 18. b6 Qd7 19. Nc3 a6 20. Bd3 f4 21. f3 Qd8 22. a4 Bd7 23. a5 Bh4 24. Ne2 h5 25. Na1 Be7 26. Nc3 Rf6 27. Kf2 g5 28. Ke2 g4 29. Kd2 Rg6 30. Rg1 Kh7 31. Kc2 Qc7 1/2-1/2